[Event "Gipuzkoa-ch B"]
[Site "Azpeitia"]
[Date "2019.11.16"]
[Round "4"]
[White "Bellosillo Perez, Alberto"]
[Black "Martinikorena Arkauz, Adrian"]
[Result "0-1"]
[WhiteElo "1548"]
[BlackElo "1509"]
[PlyCount "119"]
[EventDate "2019.10.19"]
[EventType "swiss"]
[EventRounds "7"]
[EventCountry "ESP"]
[SourceTitle "EXT 2024"]
[Source "ChessBase"]
[SourceDate "2023.10.10"]
[SourceVersion "1"]
[SourceVersionDate "2023.10.10"]
[SourceQuality "1"]

1. e4 c5 2. Nf3 Nc6 3. d4 cxd4 4. Nxd4 e5 5. Nb5 a6 6. Nd6+ Bxd6 7. Qxd6 Qf6 8. Qd1 Qg6 9. Nc3 Nf6 10. Qd3 0-0 11. g3 d5 12. Bg2 dxe4 13. Nxe4 Bf5 14. f3 Rfd8 15. Qc4 Nxe4 16. fxe4 Be6 17. Qe2 Bg4 18. Qc4 Qf6 19. Be3 Be6 20. Qe2 Qg6 21. 0-0 Nd4 22. Bxd4 Rxd4 23. b3 Bg4 24. Qe3 Rad8 25. h3 Be6 26. Kh2 Rd2 27. Rf2 Rxf2 28. Qxf2 Qh6 29. Qe1 Rd2 30. Kg1 g6 31. h4 Rxc2 32. Bf1 Qd2 33. Qxd2 Rxd2 34. Bg2 Bd7 35. Bf3 h5 36. Rd1 Rxd1+ 37. Bxd1 Kg7 38. Kf2 Kf6 39. Ke3 Ke6 40. b4 Kd6 41. a4 b6 42. Be2 a5 43. b5 Be6 44. Bd1 Bg4 45. Bc2 Kc5 46. Kd2 Kd4 47. Bb3 f6 48. Bf7 g5 49. Bg6 gxh4 50. gxh4 Kc4 51. Kc2 Kb4 52. Bf7 Kxa4 53. Be8 Kb4 54. Kb2 Bf3 55. Bc6 Kc4 56. Kc2 Kd4 57. Kd2 Bxe4 58. Ke2 a4 59. Be8 a3 60. Bf7 0-1

[Event "Gipuzkoa-ch B"]
[Site "Azpeitia"]
[Date "2019.10.26"]
[Round "2"]
[White "Bellosillo Perez, Alberto"]
[Black "Bellosillo Perez, Sergio"]
[Result "1/2-1/2"]
[WhiteElo "1548"]
[BlackElo "1499"]
[PlyCount "29"]
[EventDate "2019.10.19"]
[EventType "swiss"]
[EventRounds "7"]
[EventCountry "ESP"]
[SourceTitle "EXT 2024"]
[Source "ChessBase"]
[SourceDate "2023.10.10"]
[SourceVersion "1"]
[SourceVersionDate "2023.10.10"]
[SourceQuality "1"]

1. e4 e6 2. d4 d5 3. Nc3 Nf6 4. Bg5 Be7 5. e5 Nfd7 6. Bxe7 Qxe7 7. f4 a6 8. Nf3 c5 9. dxc5 Qxc5 10. Qd2 Nc6 11. Bd3 b5 12. 0-0-0 Nb6 13. Ne2 Nc4 14. Qe1 Ne3 15. Rd2 1/2-1/2